01155nac a22002411u 4500010001300000020007800013020008000091082001800171090001500189100003400204111006500238245020600303260005500509300002900564504005100593650003500644650004800679700002000727700002600747942002000773999001500793952010500808 a92043311 a3540198172 (Springer-Verlag Berlin Heidelberg New York : acid-free paper) a0387198172 (Springer-Verlag New York Berlin Heidelberg : acid-free paper) :00a620.86bR2487 c4003d4003 a20080729 2 aSafety-Critical Systems Symposiumd1993 :cBristol, England)10aDirections in safety-critical systems :bproceedings of the First Safety-Critical Systems Symposium, the Watershed Media Centre, Bristol, 9-11 February 1993 /cedited by Felix Redmill and Tom Anderson. aLondon ;aNew York :bSpringer-Verlag,1993cc1993. a285 p. :bill. ;c24 cm. aIncludes bibliographical references and index. 0aIndustrial safetyxCongresses. 0aAutomatic controlxReliabilityxCongresses.1 aRedmill, Felix.1 aAnderson, Tom,d1947- cBBk620.86R2487 c4003d4003 00104070aMAINbMAINc1STd2014-08-07ePurchasel0o620.86 DIRp000000062r2025-07-15 00:00:00yBB